Impossible Quiz - Fast Typing to 50 in Words - Statistics

General Stats
  • This quiz has been taken 20 times
  • The average score is 13 of 50
Answer Stats
% Correct
One
100%
Two
100%
Eight
93%
Five
93%
Four
93%
Nine
93%
Seven
93%
Six
93%
Ten
93%
Three
93%
Eleven
87%
Twelve
87%
Thirteen
67%
Fourteen
47%
Fifteen
40%
Sixteen
33%
Eighteen
13%
Seventeen
13%
Nineteen
7%
Fifty
0%
Fourth Six
0%
Fourty
0%
Fourty Eight
0%
Fourty Five
0%
Fourty Four
0%
Fourty Nine
0%
Fourty One
0%
Fourty Seven
0%
Fourty Three
0%
Fourty Two
0%
Thirty
0%
Thirty Eight
0%
Thirty Five
0%
Thirty Four
0%
Thirty Nine
0%
Thirty One
0%
Thirty Seven
0%
Thirty Six
0%
Thirty Three
0%
Thirty Two
0%
Twenty
0%
Twenty Eight
0%
Twenty Five
0%
Twenty Four
0%
Twenty Nine
0%
Twenty One
0%
Twenty Seven
0%
Twenty Six
0%
Twenty Three
0%
Twenty Two
0%
No matching quizzes found
Score Distribution
Percent of People with Each Score
Percentile by Number Answered
Your Score History
You have not taken this quiz